NBA team quizzes (Atlanta Hawks) - Statistics

General Stats
  • This quiz has been taken 34 times
  • The average score is 9 of 13
Answer Stats
Hint Answer % Correct
all time leading scorer Dominique Wilkins
97%
how many times have the hawks went to the finals 2
85%
when did the hawks win their only championship 1958
79%
when did Dominique Wilkins win his first dunk contest 1985
73%
when did Dominique Wilkins win his 2nd dunk contest 1990
73%
when did Dominique Wilkins retire 1999
73%
how many jersey #s have the hawks retired 5
73%
only player to be top 10 in all 5 categories Dominique Wilkins
73%
how many people have won MVP on the hawks 1
70%
what team did they beat in the finals Boston Celtics
64%
when did they loose in the finals 1961
61%
who won MVP on the hawks Bob Pettit
61%
what NBA player broke the record with most seasons played on the Hawks Vince Carter
42%
No matching quizzes found
Score Distribution
Percent of People with Each Score
Percentile by Number Answered
Your Score History
You have not taken this quiz